000 00989nam a22003017a 4500
003 CHAP
005 20220329140403.0
008 971013s1991 uk a r 00010 eng d
010 _a51248
011 _a52220
035 _a56370
040 _cCHAP
082 0 4 _a660.62
_bH62
100 0 0 _aHobbelink, Henk.
_955697
245 1 _aBiotechnology and the future of world agriculture
_b: the fourth resource
260 _aLondon :
_bZed Books,
_c1991
300 _a159 p.
_b: ilus. ; gráfs.
590 _aBATCH-UPD
_b10
_c20130110
_lUCH01
_h0710
590 _aBATCH-UPD
_b10
_c20130410
_lUCH01
_h0356
590 _aBATCH-UPD
_b10
_c20130914
_lUCH01
_h0640
590 _aBATCH-UPD
_b10
_c20130914
_lUCH01
_h2134
590 _aCONVERSION
_b10
_c20130109
_lUCH01
_h1328
650 1 4 _aAgricultura
_xInnovaciones tecnológicas.
_91565
650 1 4 _aBiotecnología.
_912878
901 _aBK
942 _cLIBRO
949 _a660.62 H62
_bBC
_cLIBRO
_d33724000011144
_eLIBRO
_gI. 179884
_h89713
_i56370
_si
_t110.00
999 _c51248
_d51248